• 首页
  • 本馆介绍
  • 公告通知
  • 最新文献
  • 馆藏检索
  • 电子资源
  • 读者导购
  • 参考咨询
  • 我的图书馆
  • 登录
  • 详细信息显示
  • 放入我的书架
  • 预约/预借图书
  • 作者相关作品
  • 分类相关作品
  • 丛书相关作品
  • 出版社相关作品

书目信息

  • 表格格式
  • 工作单格式
  • 卡片格式
题名:
习近平关于社会主义经济建设论述摘编
    
 
作者: ;中共中央文献研究室 编
分册:  
出版信息: 北京   中央文献出版社  2017
页数: 334页
开本: 23cm
丛书名:
单 册:
中图分类: D2-0 , F120.2
科图分类:
主题词: 中国特色社会主义--社会主义经济--经济建设--学习参考资料
电子资源:
ISBN: 978-7-5073-3734-1
000 00931nam0 2200241 450
001 012001004862
005 20140928162350.0
010    @a978-7-5073-3734-1@dCNY38.00
100    @a20170619d2017 em y0chiy50 ea
101 0  @achi
102    @aCN@b110000
105    @ay z 000yy
106    @ar
200 1  @a习近平关于社会主义经济建设论述摘编@9xi jin ping guan yu she hui zhu yi jing ji jian she lun shu zhai bian@f中共中央文献研究室编
210    @a北京@c中央文献出版社@d2017
215    @a334页@d23cm
330    @a本书摘自习习近平同志二〇一二年十一月十五日至二〇一七年三月十二日期间的讲话、报告、指示等一百二十多篇重要文献,分十个专题,共计四百九十四段论述。
606 0  @a中国特色社会主义@x社会主义经济@x经济建设@j学习参考资料
690    @aD2-0@v5
690    @aF120.2@v5
711 02 @a中共中央文献研究室@9zhong gong zhong yang wen xian yan jiu shi@4编
801  0 @aCN@b上海新华@c20180901
905    @b1171705-9@dD2-0@e215@f5
    
    习近平关于社会主义经济建设论述摘编/中共中央文献研究室编.-北京:中央文献出版社,2017
    334页;23cm
    
    
    ISBN 978-7-5073-3734-1:CNY38.00
    本书摘自习习近平同志二〇一二年十一月十五日至二〇一七年三月十二日期间的讲话、报告、指示等一百二十多篇重要文献,分十个专题,共计四百九十四段论述。
●
相关链接 在E读中查询图书 在五车中查询图书 在当当中查询图书 在豆瓣中查询图书


正题名:习近平关于社会主义经济建设论述摘编     索取号:D2-0/215         预约/预借

序号 登录号 条形码 馆藏地/架位号 状态 备注
1 1171705   211717052   第一样本阅览室/ [索取号:D2-0/215] 在馆    
2 1171706   211717061   第一借阅区/ [索取号:D2-0/215] 在馆    
3 1171707   211717070   第一借阅区/ [索取号:D2-0/215] 在馆    
4 1171708   211717089   第一借阅区/ [索取号:D2-0/215] 在馆    
5 1171709   211717098   史法系资料室/ [索取号:D2-0/215] 在馆    
唐山师范学院图书馆 欢迎您!
大连网信软件有限公司© 版权所有